Troy McClure or Real Movie? Quiz Stats

Quiz Updated Jun 1, 2012

Challenge
Share
Tweet
Embed
Score 0/30 Timer 05:00
3 Plays Today
Title Troy or True? % Correct
Fun with Dick and Jane???
86.6%
Look Who's Still Oinking ???
78.3%
Stop! Or My Mom Will Shoot???
76.6%
Blacula???
75.3%
Surf Ninjas???
75.2%
Mega Shark Versus Crocosaurus???
71.6%
The Verdict Was Mail Fraud???
71.6%
Silent Night, Deadly Night???
69.3%
Hydro, the Man With the Hydraulic Arms???
66.7%
Machine Gun Preacher???
65.6%
The Contrabulous Fabtraption of Professor Horatio Hufnagel???
63.3%
Christmas Ape???
62.2%
Hobo With a Shotgun???
61.7%
The Erotic Adventures of Hercules???
61.2%
Birdemic: Shock and Terror???
61%
Title Troy or True? % Correct
Hitler Doesn't Live Here Anymore???
60.8%
The Muppets Go Medieval???
59.7%
Santa Claus Conquers the Martians???
58.5%
They Came to Burgle Carnegie Hall???
58.1%
Today We Kill, Tomorrow We Die???
57.4%
Phffft???
57.3%
Here Comes the Coast Guard???
56.8%
The Revenge of Abe Lincoln???
55.9%
Teenage Catgirls in Heat???
55.3%
The Karate Dog???
53%
The Boatjacking of Supership '79 ???
52.5%
I Dismember Mama???
47.1%
Anus Magillicutty???
45.3%
Preacher With a Shovel???
45.3%
The Electric Gigolo???
39.1%

You're not logged in!

Compare scores with friends on all Sporcle quizzes.
Sign Up with Email
OR
Log In

You Might Also Like...

Show Comments

Extras

Top Quizzes Today


Score Distribution

Your Account Isn't Verified!

In order to create a playlist on Sporcle, you need to verify the email address you used during registration. Go to your Sporcle Settings to finish the process.